Rozhodcovia a delegáti pred novým súťažným ročníkom

Bibliographic Details
Main Author: Šmelko, Ján (Author)
Format: Article
Language:Slovak
Subjects:

MARC

LEADER 00000nab a2200000 a 4500
001 vtls001008002
003 SK-MaSNL
005 20260305040608.0
008 040720e20000725xo 0 slo
035 |a RV8602 
040 |a RVGKPD  |b slo  |c RVGKPD  |e AACR2 
041 0 |a slo 
044 |a xo  |c SK 
080 |a 796.332  |2 1981 
100 1 |a Šmelko, Ján  |4 aut  |9 1025948 
245 1 0 |a Rozhodcovia a delegáti pred novým súťažným ročníkom 
500 |a ročník 1999-2000 
500 |a hodnotenie 
650 0 7 |a futbal  |2 RVGKPD  |9 3291 
651 7 |a Rožňava (Slovensko : okres)  |2 RVGKPD  |9 19215 
655 7 |a periodikum  |2 snkbucl  |9 29553 
773 0 8 |t Týždeň v Gemeri  |g Roč. 1, č.22, 25.7.2000, s. 7 
852 |a ZVYKNI  |b KIS3GCP 
999 |c 3339261  |d 3341191